000 00305 a2200121 4500
005 20250625143528.0
020 _a0-536-15454-6
082 _a519.4 STA
245 _aStatistics
260 _aNew York,
_bPearson,
_c2006.
300 _axii, 482p.; ill.; figure, table
_bAppendix, Index
_c26cm.
942 _2ddc
_cBKS
999 _c5105
_d5105